<?xml version="1.0" encoding="UTF-8"?>
<marc:record xmlns:marc="http://www.loc.gov/MARC21/slim">
   <marc:leader>00000nam a2200000 a 4500</marc:leader>
   <marc:datafield ind1="1" ind2=" " tag="100">
      <marc:subfield code="a">Howey, Hugh</marc:subfield>
      <marc:subfield code="4">aut</marc:subfield>
      <marc:subfield code="e">Verfasser/-in</marc:subfield>
   </marc:datafield>
   <marc:datafield ind1="1" ind2=" " tag="100">
      <marc:subfield code="a">Nickel, Johanna</marc:subfield>
      <marc:subfield code="4">trl</marc:subfield>
      <marc:subfield code="e">Übersetzer/-in</marc:subfield>
   </marc:datafield>
   <marc:datafield ind1="1" ind2=" " tag="100">
      <marc:subfield code="a">Wurster, Gaby</marc:subfield>
      <marc:subfield code="4">trl</marc:subfield>
      <marc:subfield code="e">Übersetzer/-in</marc:subfield>
   </marc:datafield>
   <marc:datafield ind1="0" ind2="0" tag="245">
      <marc:subfield code="a">Silo</marc:subfield>
   </marc:datafield>
   <marc:datafield ind1="0" ind2="0" tag="245">
      <marc:subfield code="b">Roman</marc:subfield>
   </marc:datafield>
   <marc:datafield ind1="0" ind2="0" tag="245">
      <marc:subfield code="c">Hugh Howey. Aus dem Engl. von Gaby Wurster und Johanna Nickel</marc:subfield>
   </marc:datafield>
   <marc:datafield ind1=" " ind2="1" tag="264">
      <marc:subfield code="a">München</marc:subfield>
      <marc:subfield code="b">Piper</marc:subfield>
      <marc:subfield code="c">2013</marc:subfield>
   </marc:datafield>
   <marc:datafield ind1="1" ind2=" " tag="520">
      <marc:subfield code="a">Seit Generationen leben die Menschen unter der Erde. Was aber, wenn das Leben im Silo nicht das ist, was es zu sein scheint? Was, wenn der Blick nach draußen nicht durch eine Scheibe, sondern auf einen Bildschirm fällt? &#x96; Dann wird Neugier lebensgefährlich. Selbst für Juliette Nichols, die für die Sicherheit im Silo verantwortlich ist. Drei Jahre nach dem mysteriösen Tod seiner Frau Allison setzt Sheriff Holston seiner Aufgabe ein Ende und entschließt sich, die oberste Regel zu brechenund das Silo zu verlassen. Doch die Erdoberfläche ist hoch toxisch, ihr Betreten bedeutet seinen sicheren Tod. Holston nimmt das in Kauf, um endlich mit eigenen Augen zu sehen, was sich hinter der großen Luke befindet, die sie alle gefangen hält. Seine Entdeckung ist ebenso ungeheuerlich wie die Folgen, die sein Handeln nicht zuletzt für seine Nachfolgerin Juliette hat. (Verlagstext)</marc:subfield>
   </marc:datafield>
   <marc:datafield ind1=" " ind2=" " tag="020">
      <marc:subfield code="a">9783492055857</marc:subfield>
      <marc:subfield code="9">9783492055857</marc:subfield>
   </marc:datafield>
   <marc:datafield ind1=" " ind2=" " tag="020">
      <marc:subfield code="a">3492055850</marc:subfield>
      <marc:subfield code="9">3492055850</marc:subfield>
   </marc:datafield>
   <marc:datafield ind1=" " ind2=" " tag="300">
      <marc:subfield code="a">531 S.</marc:subfield>
   </marc:datafield>
</marc:record>
